000 00551nam a2200229Ia 4500
999 _c3832
_d3832
003 0100
008 130227s9999 xx 000 0 und d
040 _cARRUPELIB
050 _aGN645.A448
100 _aAmadiume, Ifi
_937930
245 _aRe-inventing Africa:
_bmatriarchy, religion and culture /
260 _aLondon
_bZed Books
300 _a214p.
300 _b 23 cm
650 _aSex role
_zAfrica
_93657
650 _aAfrica
_xStudy & teaching
_937931
650 _aAfrica
_xCivilization
_922754
650 _aAfrica
_xSocial conditions
_927881
650 _aMatriarchy
_zAfrica
_937932
650 _aFeminism
_zAfrica
_928794
942 _2lcc
_01
_cMONOGRAPH